Amor es muerte / (Record no. 22217)

MARC details
000 -LEADER
campo de control de longitud fija 00916nam a2200277 i 4500
001 - NÚMERO DE CONTROL
campo de control 22217
003 - IDENTIFICADOR DE NÚMERO DE CONTROL
campo de control ES-MaACL
005 - FECHA Y HORA DE LA ÚLTIMA TRANSACCIÓN
campo de control 20241020063110.0
007 - CAMPO FIJO DE DESCRIPCIÓN FÍSICA--INFORMACIÓN GENERAL
campo de control de longitud fija t|
008 - DATOS DE LONGITUD FIJA--INFORMACIÓN GENERAL
campo de control de longitud fija 021129s1964 sp ||||1| spa d
017 ## - NÚMERO DE COPYRIGHT O DE DEPÓSITO LEGAL
Número de copyright o de depósito legal Z-91
040 ## - FUENTE DE CATALOGACIÓN
Centro/agencia transcriptor ES-MaACL
Centro/agencia modificador ES-MaACL
100 1# - ENTRADA PRINCIPAL--NOMBRE DE PERSONA
Nombre de persona Alfonso, José María.
9 (RLIN) 19852
Término indicativo de función/relación Autor
245 10 - MENCIÓN DEL TÍTULO
Título Amor es muerte /
Mención de responsabilidad, etc. José Mª Alfonso.
260 ## - PUBLICACIÓN, DISTRIBUCIÓN, ETC.
Lugar de publicación, distribución, etc. [Zaragoza :
Nombre del editor, distribuidor, etc. s.n.],
Fecha de publicación, distribución, etc. 1964.
Fabricante (Gráf. Los Sitios)
300 ## - DESCRIPCIÓN FÍSICA
Extensión [8] h. ;
Dimensiones 28 cm.
655 #7 - TERMINO DE INDIZACIÓN--GENERO/FORMA
Fuente del término tgfbne
9 (RLIN) 176539
Datos o término principal de género/forma Poesías
700 0# - ENTRADA AGREGADA--NOMBRE PERSONAL
9 (RLIN) 59462
Nombre de persona Gracía, Luciano,
Fechas asociadas al nombre 1917-1986
Término indicativo de función/relación Director de publicación
852 ## - LOCALIZACIÓN
Ubicación ES-MaACL
Número de control de estantería 2037-F-30
Sublocalización o colección R.53826
itemnumber 23024
Ubicación en estantería Depósito folletos
852 ## - LOCALIZACIÓN
Ubicación ES-MaACL
Número de control de estantería FOLL-BUE-75
Ubicación en estantería Depósito folletos
Donativo/Legado Legado: Antonio Buero Vallejo
itemnumber 203734
903 ## - NOMBRE PERSONAL DE DONANTE
9 32421
a Buero Vallejo, Antonio,
q 1
d 1916-2000
e Donante
942 ## - ELEMENTOS DE ENTRADA SECUNDARIOS (KOHA)
Tipo de ítem Koha Folleto
Suprimir en OPAC No
Holdings
Estatus retirado Estado de pérdida Estado de daño No para préstamo Colección Biblioteca de origen Biblioteca actual Ubicación en estantería Fecha de adquisición Fuente de adquisición Total de préstamos Signatura topográfica completa Código de barras Visto por última vez Precio de reemplazo Tipo de ítem Koha Fuente del sistema de clasificación o colocación
        Colección de folletos Biblioteca del Ateneo de Madrid Biblioteca del Ateneo de Madrid Depósito folletos 17/01/2008     2037-F-30 1022867 23/02/2023 23/02/2023 Folleto  
        Colección de folletos Biblioteca del Ateneo de Madrid Biblioteca del Ateneo de Madrid Depósito folletos 20/06/2024 Legado   FOLL-BUE-75 101228607 20/06/2024 20/06/2024 Folleto Clasificación decimal universal